LEADER 00990nam0-22003011i-450- 001 990001645560403321 005 20050419143351.0 035 $a000164556 035 $aFED01000164556 035 $a(Aleph)000164556FED01 035 $a000164556 100 $a20030910d1912----km-y0itay50------ba 101 0 $afre 200 1 $aRapport sur Phytalus Smithi (Arrow) et autres scarabees s'attaquant a la canne a sucre a Maurice$fD. d'Emmerez de Charmoy 210 $aPort-Louis$cGovernment Printing Office$d1912 215 $a34 p., 9 tav.$d29 cm 610 0 $aParassitologia vegetale 610 0 $aCanna da zucchero 676 $a581.23 676 $a633.61 700 1$aEmmerez De Charmoy,$bD. d'$070759 801 0$aIT$bUNINA$gRICA$2UNIMARC 901 $aBK 912 $a990001645560403321 952 $a60 581.23 A 1$b23572$fFAGBC 959 $aFAGBC 996 $aRapport sur Phytalus Smithi (Arrow) et autres scarabees s'attaquant a la canne a sucre a Maurice$9372090 997 $aUNINA LEADER 01859nas 2200565 c 450 001 9910896082003321 005 20260218111317.0 035 $a(CKB)110985822451996 035 $a(OCoLC)1184392802 035 $a(OCoLC)85119724 035 $a(DE-101)1001044428 035 $a(DE-599)ZDB2545721-4 035 $a(DE-599)2545721-4 035 $a(EXLCZ)99110985822451996 100 $a20100323a19739999 |y | 101 0 $ager 135 $aur||||||||||| 181 $ctxt$2rdacontent 182 $cc$2rdamedia 183 $acr$2rdacarrier 200 10$aArbeitskreis Paläontologie Hannover$eZeitschrift für Amateur-Paläontologen 210 31$aHannover$cArbeitskreis$d1973- 215 $aOnline-Ressource 311 08$a0177-2147 517 $aArbeitskreis Paläontologie Hannover 517 1 $aAPH 606 $aPaläontologie$3(DE-588)4044375-9$3https://d-nb.info/gnd/4044375-9$3(DE-101)040443752$2gnd 606 $aFossil$3(DE-588)4017999-0$3https://d-nb.info/gnd/4017999-0$3(DE-101)040179990$2gnd 606 $aPaläontologie$3(DE-588)4044375-9$3https://d-nb.info/gnd/4044375-9$3(DE-101)040443752$2gnd 606 $aFossil$3(DE-588)4017999-0$3https://d-nb.info/gnd/4017999-0$3(DE-101)040179990$2gnd 607 $aHannover$zRegion$2gnd 607 $aMünsterland$2gnd 608 $aZeitschrift$2gnd-content 608 $aZeitschrift$2gnd 608 $aOnline-Publikation$2gnd 608 $aZeitschrift$2gnd 608 $aOnline-Publikation$2gnd 615 7$aPaläontologie. 615 7$aFossil. 615 7$aPaläontologie. 615 7$aFossil. 676 $a550 686 $a10 ; Mu?nsterland$a141600$2nwbib 801 0$b0355 801 1$bDE-101 801 2$b9999 906 $aJOURNAL 912 $a9910896082003321 996 $aArbeitskreis Pala?ontologie Hannover$94255591 997 $aUNINA